Normal view
MARC view
Entry Personal Name
001 - CONTROL NUMBER
- control field: 24504
003 - CONTROL NUMBER IDENTIFIER
- control field: dpl
005 - DATE AND TIME OF LATEST TRANSACTION
- control field: 20101130105632.0
008 - FIXED-LENGTH DATA ELEMENTS
- fixed length control field: 101130|||a|||||| | ||| d
040 ## - CATALOGING SOURCE
- Original cataloging agency: dpl
- Transcribing agency: dpl
100 ## - HEADING--PERSONAL NAME
- Personal name: Ojha, Sunil Kumar
670 ## - SOURCE DATA FOUND
- Source citation: Work cat.: (dpl)35447: Upkar's UGC NET/JRF/SET computer science & applications /, 201?
670 ## - SOURCE DATA FOUND
- Source citation: Work cat.: (dpl)35447: Upkar's UGC NET/JRF/SET computer science & applications /, 201?
